000 02466cam a2200313 a 4500
001 000002901
003 DO-SdBNP
005 20220721122115.0
008 010115s1999 mx a 001 p spa
020 _a968625983X
040 _aDO-SdBNP
_bspa
_cBNPHU
082 _aM861.4
_bC569a
245 0 0 _a100 años de poesía en Aguascalientes :
_b50 poetas /
_cselección, introducción y notas, María del Carmen Arellano Olivas ... [et al.].
246 3 _aCien años de poesía en Aguascalientes
260 _aAguascalientes, Mexico :
_bUniversidad Autónoma de Aguascalientes,
_c1999.
300 _a238 p. :
_bils. ;
_c23 cm.
504 _aBibliografías : p. 227-234
505 0 _aDesiderio Macías Silva -- Enrique Fernández Ledesma -- Ricardo Esquer -- Alejandro Sandoval -- Juan Carlos Quiroz -- Carolina Castro Padilla -- Josefina Esparza -- Antonio Esparza -- Mario Mora Barba -- Luis Avelar González -- Jorge Antonio Villalobos -- Miguel Ángel Méndez -- Miguel Ángel Sahagún -- Victor Sandoval -- Dolores Castro -- Salvador Gallardo (hijo) -- Rubén Chávez -- Salvador Gallardo Cabrera -- Benjamín Valdivia -- Rosa Luz de Luna -- Socorro Noemí D. Macías -- Roberto Quiroz Benítez -- Patricia González Richmond -- Eudoro Fonseca Yerena -- Sofia Ramírez -- Salvador Gallardo Dávalos --
505 0 _aArnulfo d'Luna -- Eduardo López -- Carlos López Moctezuma -- Agustín Lascazas -- Rodolfo Meza -- Oscar Santos -- Eduardo J. Correa -- Juan Pablo de Ávila -- Fabian Muñoz -- Jorge Alfonso Chávez Gallo -- Armando Quiroz Benítez -- Arlette Luévano Díaz -- Patricia Ortíz -- Jesús Reyes Ruiz -- Humberto Brand Sánchez -- José de Jesús Lara Huerta -- Edmundo Games Orozco -- Guillermo García Varela -- Ricardo Orozco -- Jorge Castillo -- Juan Manuel Aranda Mata -- Elisa Guerra -- Liliana Ramírez -- Eduardo J. Correa -- Armando Alonso de Alba -- Antonio Esparza -- Carolina Castro Padilla -- Oscar Santos -- Dolores Castro -- Patricia González Richmond -- Jorge Castillo -- Benjamín Valdivia.
650 4 _aPoesía mexicana
_xColecciones
_98097
650 4 _aPoesía mexicana
_zAguascalientes
_99215
650 4 _aLiteratura mexicana
_ySIGLO XX
_99216
650 4 _aLiteratura latinoamericana
_ySIGLO XX
_9203
700 1 2 _aArellano Olivas, María del Carmen
_99217
700 1 2 _aGiacinti Comte, Alicia
_99218
700 1 2 _aRamírez Carballo, Yolanda
_99219
700 1 2 _aSandoval Cornejo, Martha Lilia
_99220
942 _2ddc
_cLBS1
999 _c2735
_d2735